[Event "Borisoglebsk Bocharov Memorial"]
[Site "Borisoglebsk"]
[Date "2015.03.22"]
[Round "7"]
[White "Artemov, Vladimir"]
[Black "Tarasov, Ilia"]
[Result "1-0"]
[WhiteElo "1806"]
[BlackElo "1656"]
[PlyCount "41"]
[EventDate "2015.03.19"]
[EventType "swiss"]
[EventRounds "9"]
[EventCountry "RUS"]
[SourceTitle "CBM 165 Extra"]
[Source "ChessBase"]
[SourceDate "2015.04.21"]
[SourceVersion "1"]
[SourceVersionDate "2015.04.21"]
[SourceQuality "1"]

1. e4 e5 2. Nf3 Nc6 3. Bb5 Bc5 4. c3 d6 5. d4 exd4 6. cxd4 Bb4+ 7. Nc3 a6 8. Ba4 Bd7 9. 0-0 h6 10. a3 Bxc3 11. bxc3 Nge7 12. h3 0-0 13. Re1 Ng6 14. Bb3 Re8 15. Nh2 Qf6 16. Ng4 Qh4 17. Qf3 Rf8 18. Ne3 Qf4 19. Qh5 Qxe4 20. Bd5 Qh4 21. Qxg6 1-0